The phantom of the opera

Novela ficticia que narra la historia de Peyrol, un ex pirata retirado que trata de buscar un lugar para pasar sus últimos años en paz, aunque se ve involucrado pronto en los movimientos de época. Ubicado temporalmente en contexto de la revolución francesa bajo el mandato de Napoleón.

Uloženo v:
Podrobná bibliografie
Hlavní autor: Leroux, Gaston
Médium: Kniha
Jazyk:Undetermined
Vydáno: New York, Estados Unidos Penguin books 1995
Edice:(Penguin popular classics ; n.18)
Témata:
On-line přístup:Acceso al texto completo
Tagy: Přidat tag
Žádné tagy, Buďte první, kdo vytvoří štítek k tomuto záznamu!

MARC

LEADER 00000nam a2200000Ia 4500
008 170316s9999 xx 000 0 und d
020 |a 01406.21741 
040 |a cru BVZT 
090 |a 840 L - 5.1h 
100 |a Leroux, Gaston  |9 431 
245 4 |a The phantom of the opera  |c / Gaston Leroux 
260 |a New York, Estados Unidos  |b Penguin books  |c 1995 
300 |a 270 páginas 
490 |a (Penguin popular classics ; n.18) 
520 |a Novela ficticia que narra la historia de Peyrol, un ex pirata retirado que trata de buscar un lugar para pasar sus últimos años en paz, aunque se ve involucrado pronto en los movimientos de época. Ubicado temporalmente en contexto de la revolución francesa bajo el mandato de Napoleón. 
650 0 |a LITERATURA FRANCESA  |9 109 
650 0 |a NOVELA GÓTICA  |9 862  |z PARÍS, FRANCIA 
856 |u http://www.gutenberg.org/files/59142/59142-h/59142-h.htm  |y Acceso al texto completo  |z (El archivo digital difiere en año (1923) y editorial (The Ryerson Press) del documento localizado en físico en la biblioteca) 
999 |c 30985  |d 30985 
942 |c 15 D  |h 840 L - 5.1h  |2 z